[Event "NAYCC U16"]
[Site "Windsor CAN"]
[Date "2016.08.11"]
[Round "8.40"]
[White "Polavaram, Rithik"]
[Black "Yu, Wenlu"]
[Result "1/2-1/2"]
[WhiteElo "1899"]
[BlackElo "1993"]
[PlyCount "101"]
[EventDate "2016.08.07"]
[EventType "swiss"]
[EventRounds "9"]
[EventCountry "CAN"]

1. d4 Nf6 2. c4 g6 3. Nc3 d5 4. cxd5 Nxd5 5. e4 Nxc3 6. bxc3 Bg7 7. Nf3 O-O 8.
Be3 c5 9. Be2 Qc7 10. O-O b6 11. Qd2 Rd8 12. Bf4 Qb7 13. Qe3 Nd7 14. d5 Nf6 15.
Ne5 a6 16. Rad1 Re8 17. c4 Nd7 18. Nxd7 Bxd7 19. e5 Rac8 20. Bd3 b5 21. Rb1 b4
22. Bh6 Bh8 23. f4 e6 24. d6 Bc6 25. Rf2 Qb6 26. Be4 Rcd8 27. Qf3 Bxe4 28. Qxe4
Rd7 29. Rf3 a5 30. Rh3 Qa6 31. Bg5 a4 32. Bh4 b3 33. a3 Qb7 34. Qxb7 Rxb7 35.
Rd3 Rd7 36. Bf2 Rc8 37. Be1 Ra8 38. Kf2 Bg7 39. Ke3 Bf8 40. Bc3 Ra6 41. Rbd1
Kg7 42. Bb2 Kg8 43. Ke4 Rb6 44. R1d2 Ra6 45. g4 Rb6 46. f5 Bh6 47. Rf2 Bg5 48.
fxe6 fxe6 49. Rdf3 Rb8 50. Kd3 Kg7 51. Rf1 1/2-1/2

[Event "NAYCC U16"]
[Site "Windsor CAN"]
[Date "2016.08.11"]
[Round "8.41"]
[White "Perkins, Josiah"]
[Black "Daggupati, Balaji"]
[Result "1-0"]
[WhiteElo "1759"]
[BlackElo "1932"]
[PlyCount "125"]
[EventDate "2016.08.07"]
[EventType "swiss"]
[EventRounds "9"]
[EventCountry "CAN"]

1. e4 c5 2. d4 cxd4 3. c3 dxc3 4. Nxc3 d6 5. Nf3 a6 6. Bc4 e6 7. O-O Nc6 8. Qe2
Nf6 9. Rd1 Qc7 10. Bf4 Be7 11. e5 dxe5 12. Nxe5 Nxe5 13. Bxe5 Qa5 14. Bd4 Qh5
15. Qc2 e5 16. Bb6 O-O 17. Nd5 Nxd5 18. Bxd5 Bg4 19. Re1 Bb4 20. Re3 Qh6 21.
Bc7 Bd6 22. Bxb7 Ra7 23. Bxd6 Qxd6 24. Bf3 Bxf3 25. Rxf3 Rc7 26. Rc3 Rb7 27. b3
Rd8 28. Qc1 h6 29. Rc6 Qd3 30. Qc2 Qd4 31. Rc1 Rbd7 32. Rc8 g6 33. g3 Kg7 34.
Qc3 Rxc8 35. Qxc8 Rd6 36. Qc5 Qb2 37. Qxd6 Qxc1+ 38. Kg2 Qe1 39. Qxa6 Qe4+ 40.
Kg1 Qb1+ 41. Kg2 Qe4+ 42. f3 Qc2+ 43. Kg1 Qd1+ 44. Qf1 Qd4+ 45. Qf2 Qa1+ 46.
Kg2 Qb1 47. Qd2 g5 48. b4 Kg6 49. a4 Qb3 50. a5 Kg7 51. a6 Qa4 52. Qe2 Qxb4 53.
Qxe5+ f6 54. Qc7+ Kg6 55. Qc2+ Kg7 56. Qa2 g4 57. fxg4 Qxg4 58. h3 Qe4+ 59. Kh2
Qa8 60. a7 h5 61. Qa5 h4 62. Qc7+ Kh6 63. Qb8 1-0

[Event "NAYCC U16"]
[Site "Windsor CAN"]
[Date "2016.08.11"]
[Round "8.42"]
[White "Zhao, Harry"]
[Black "Lee, Stefano"]
[Result "1-0"]
[WhiteElo "1809"]
[BlackElo "1592"]
[PlyCount "79"]
[EventDate "2016.08.07"]
[EventType "swiss"]
[EventRounds "9"]
[EventCountry "CAN"]

1. d4 d5 2. Nf3 Nf6 3. e3 c6 4. b3 Bf5 5. Bb2 Nbd7 6. Be2 e6 7. O-O Bd6 8. Ne5
Qc7 9. f4 Ne4 10. Nd2 f6 11. Nd3 O-O-O 12. c4 g5 13. c5 Be7 14. Nxe4 dxe4 15.
Ne1 gxf4 16. Rxf4 Nxc5 17. Qc2 Bd6 18. Rh4 Nd7 19. g4 Rhg8 20. Ng2 Bg6 21. Bc4
Nf8 22. Rf1 f5 23. gxf5 Bf7 24. Qxe4 Kb8 25. fxe6 Bg6 26. Qf3 b5 27. e7 bxc4
28. exd8=Q+ Qxd8 29. bxc4 Bd3 30. Rh5 Bxf1 31. Kxf1 Nd7 32. d5 Qb6 33. dxc6
Qxb2 34. Rb5+ Qxb5 35. cxb5 Rf8 36. Nf4 Ne5 37. Qd5 Bc7 38. Ke2 Re8 39. Ne6 Ng4
40. Nxc7 1-0

[Event "NAYCC U16"]
[Site "Windsor CAN"]
[Date "2016.08.11"]
[Round "8.43"]
[White "Maruvada, Shaunak"]
[Black "Handigol, Abhishek"]
[Result "1/2-1/2"]
[WhiteElo "1966"]
[BlackElo "1905"]
[PlyCount "109"]
[EventDate "2016.08.07"]
[EventType "swiss"]
[EventRounds "9"]
[EventCountry "CAN"]

1. d4 Nf6 2. c4 e6 3. Nc3 Bb4 4. Qc2 O-O 5. a3 Bxc3+ 6. Qxc3 b6 7. Bg5 Bb7 8.
e3 d6 9. Rd1 Nbd7 10. Qc2 h6 11. Bh4 g5 12. Bg3 Ne4 13. Ne2 f5 14. d5 exd5 15.
f3 Nxg3 16. Nxg3 Qf6 17. cxd5 Rae8 18. Kf2 Nc5 19. b4 f4 20. bxc5 fxg3+ 21.
hxg3 bxc5 22. Bb5 Re7 23. Rh5 Kg7 24. Rdh1 Rh8 25. Rd1 Bc8 26. Rd2 Bg4 27. Rh1
Rf8 28. Qb2 Re5 29. Be2 Rfe8 30. e4 Bd7 31. Rf1 h5 32. Kg1 Rh8 33. Rdd1 h4 34.
g4 h3 35. g3 Ree8 36. Qb7 h2+ 37. Kg2 Rc8 38. Rh1 Kf7 39. Rxh2 Rxh2+ 40. Kxh2
Rh8+ 41. Kg2 Qh6 42. Rg1 Qh2+ 43. Kf1 Ke7 44. Qxc7 Rc8 45. Qa5 Rb8 46. Rg2 Qh8
47. Qd2 Qf6 48. Rf2 Rb1+ 49. Kg2 Rb2 50. Qc1 Qe5 51. Bc4 Rb8 52. Qe3 Rb1 53. f4
Qh8 54. Rf1 Rb2+ 55. Rf2 1/2-1/2

[Event "NAYCC U16"]
[Site "Windsor CAN"]
[Date "2016.08.11"]
[Round "8.44"]
[White "Saha, Ananda"]
[Black "Fields, Noah"]
[Result "1/2-1/2"]
[WhiteElo "1920"]
[BlackElo "1963"]
[PlyCount "70"]
[EventDate "2016.08.07"]
[EventType "swiss"]
[EventRounds "9"]
[EventCountry "CAN"]

1. d4 d5 2. c4 e6 3. Nc3 Nf6 4. cxd5 exd5 5. Bg5 Nbd7 6. e3 c6 7. Qc2 Be7 8.
Bd3 O-O 9. Nf3 Re8 10. h3 Nf8 11. O-O h6 12. Bh4 Ne4 13. Bxe4 Bxh4 14. Bd3 Bf6
15. b4 Bd7 16. b5 Qa5 17. bxc6 bxc6 18. Rab1 Rab8 19. Na4 Ne6 20. Rfc1 Rec8 21.
Rxb8 Rxb8 22. Bf5 c5 23. Nxc5 Nxc5 24. dxc5 Ba4 25. Qd2 Qxd2 26. Nxd2 g6 27.
Bd3 Rc8 28. Ba6 Rc7 29. Nb3 Be7 30. Kf1 Bxb3 31. axb3 Rxc5 32. Rxc5 Bxc5 33.
Ke2 d4 34. e4 Kg7 35. f4 Kf6 1/2-1/2

[Event "NAYCC U16"]
[Site "Windsor CAN"]
[Date "2016.08.11"]
[Round "8.45"]
[White "Zheng, Maven"]
[Black "Zhu, Brandon"]
[Result "0-1"]
[WhiteElo "1746"]
[BlackElo "1861"]
[PlyCount "78"]
[EventDate "2016.08.07"]
[EventType "swiss"]
[EventRounds "9"]
[EventCountry "CAN"]

1. d4 d6 2. c4 f5 3. Nf3 Nf6 4. Nc3 g6 5. e3 Bg7 6. Be2 O-O 7. O-O Nc6 8. d5
Ne5 9. Nd4 c5 10. Nf3 Ne4 11. Nxe4 fxe4 12. Ng5 Bf5 13. Ne6 Bxe6 14. dxe6 Qc8
15. Qd5 Qc6 16. Rb1 a6 17. b3 Qxd5 18. cxd5 b5 19. Bb2 Nd3 20. Bxg7 Kxg7 21.
Bxd3 exd3 22. Rbc1 Rfc8 23. Rc3 c4 24. bxc4 bxc4 25. Rfc1 Rab8 26. g3 Rb2 27.
Ra1 Rcb8 28. Kf1 Rb1+ 29. Rc1 Rxa1 30. Rxa1 c3 31. Ke1 Rb2 32. f4 Rxh2 33. Kf1
Rh1+ 34. Kf2 Rxa1 35. Kf3 d2 36. Ke4 d1=Q 37. a3 c2 38. g4 c1=Q 39. f5 Qc4# 0-1

[Event "NAYCC U16"]
[Site "Windsor CAN"]
[Date "2016.08.11"]
[Round "8.46"]
[White "D'Amore, Tyler"]
[Black "Zhang, Jeff"]
[Result "1/2-1/2"]
[WhiteElo "1808"]
[BlackElo "1907"]
[PlyCount "71"]
[EventDate "2016.08.07"]
[EventType "swiss"]
[EventRounds "9"]
[EventCountry "CAN"]

1. e4 c5 2. Nf3 Nc6 3. d3 g6 4. g3 Bg7 5. Bg2 e6 6. O-O Nge7 7. Nbd2 O-O 8. Re1
d5 9. c3 b6 10. Nf1 Bb7 11. e5 Rb8 12. h4 d4 13. c4 a6 14. N1h2 Qd7 15. Ng4 f5
16. exf6 Bxf6 17. Nxf6+ Rxf6 18. Bg5 Rf7 19. Bh3 Nf5 20. Bg2 Rbf8 21. Bf4 b5
22. b3 Ng7 23. Re2 Nh5 24. Ne5 Nxe5 25. Bxe5 Bxg2 26. Kxg2 Nf6 27. Bxf6 Rxf6
28. f4 Qc6+ 29. Kh2 Rf5 30. Qh1 Qxh1+ 31. Kxh1 Re8 32. Rae1 Kf7 33. Kg2 Kf6 34.
Re5 h5 35. Kf3 Re7 36. R1e2 1/2-1/2

[Event "NAYCC U16"]
[Site "Windsor CAN"]
[Date "2016.08.11"]
[Round "8.47"]
[White "Konovalenko, Nicholas"]
[Black "Aldrich, Michael"]
[Result "1-0"]
[WhiteElo "1555"]
[BlackElo "1279"]
[PlyCount "95"]
[EventDate "2016.08.07"]
[EventType "swiss"]
[EventRounds "9"]
[EventCountry "CAN"]

1. d4 d5 2. c4 e6 3. Nc3 f5 4. Nf3 Nf6 5. Bg5 c6 6. cxd5 exd5 7. e3 Bd6 8. Bd3
O-O 9. Qc2 Qe8 10. Bxf5 Bxf5 11. Qxf5 Ne4 12. Qg4 Qg6 13. Nxe4 dxe4 14. Nh4 Qf7
15. O-O Nd7 16. Qxe4 Rae8 17. Qf3 Qxf3 18. Nxf3 Re4 19. Bh4 Rxf3 20. gxf3 Rxh4
21. f4 Nf6 22. Kg2 Ne4 23. Rad1 h5 24. d5 cxd5 25. Rxd5 Be7 26. f3 Nf6 27. Re5
Bd6 28. Rf5 Be7 29. h3 b6 30. Kg3 Nd7 31. Rd1 Nc5 32. Re5 Bf6 33. Re8+ Kf7 34.
Ra8 a6 35. Ra7+ Kg8 36. Rd6 Kh7 37. Rxf6 Kh8 38. Rc6 Nd3 39. Kxh4 Nxb2 40. Rxb6
Nc4 41. Rb8+ Kh7 42. Kxh5 Nxe3 43. Rbb7 Nf5 44. Kg5 a5 45. Kxf5 a4 46. Rxg7+
Kh8 47. Rgb7 a3 48. Rb8# 1-0

[Event "NAYCC U16"]
[Site "Windsor CAN"]
[Date "2016.08.11"]
[Round "9.29"]
[White "Li, Zhaozhi"]
[Black "Zhong, Joey"]
[Result "1-0"]
[WhiteElo "2305"]
[BlackElo "2024"]
[PlyCount "59"]
[EventDate "2016.08.07"]
[EventType "swiss"]
[EventRounds "9"]
[EventCountry "CAN"]

1. d4 Nf6 2. c4 d6 3. Nc3 g6 4. Nf3 Bg7 5. e4 c5 6. d5 e6 7. h3 exd5 8. cxd5 a6
9. a4 Nbd7 10. Bd3 Nh5 11. O-O Ne5 12. Nxe5 Bxe5 13. f4 Bd4+ 14. Kh2 Qh4 15.
Qe1 Qf6 16. Ne2 Bxb2 17. e5 Bxe5 18. fxe5 Qxe5+ 19. Nf4 O-O 20. Qxe5 dxe5 21.
Nxh5 gxh5 22. Bg5 f5 23. Be7 Re8 24. Bxc5 e4 25. Be2 Bd7 26. a5 Rac8 27. Bb6
Rc2 28. Bxh5 Re5 29. Bd1 Rb2 30. Bd4 1-0

[Event "NAYCC U16"]
[Site "Windsor CAN"]
[Date "2016.08.11"]
[Round "9.30"]
[White "Sinha, Sahil"]
[Black "Lu, Albert"]
[Result "1/2-1/2"]
[WhiteElo "2140"]
[BlackElo "2235"]
[PlyCount "48"]
[EventDate "2016.08.07"]
[EventType "swiss"]
[EventRounds "9"]
[EventCountry "CAN"]

1. d4 d5 2. c4 e6 3. Nc3 Be7 4. Nf3 Nf6 5. Bf4 O-O 6. e3 c5 7. dxc5 Bxc5 8. Qc2
Nc6 9. a3 dxc4 10. Bxc4 a6 11. b4 Ba7 12. Rd1 Bd7 13. O-O Rc8 14. Qb3 h6 15.
Ne5 Bb8 16. Nxd7 Nxd7 17. Bxb8 Rxb8 18. Ne4 Qe7 19. Rd6 Nb6 20. Rfd1 Rfd8 21.
Rxd8+ Rxd8 22. Be2 Rxd1+ 23. Qxd1 Nd5 24. Bc4 Qc7 1/2-1/2

[Event "NAYCC U16"]
[Site "Windsor CAN"]
[Date "2016.08.11"]
[Round "9.31"]
[White "Bellissimo, Joseph"]
[Black "Song, Sam"]
[Result "1-0"]
[WhiteElo "2142"]
[BlackElo "2147"]
[PlyCount "75"]
[EventDate "2016.08.07"]
[EventType "swiss"]
[EventRounds "9"]
[EventCountry "CAN"]

1. e4 c5 2. Nf3 e6 3. c3 d5 4. e5 d4 5. Bd3 Nc6 6. O-O Nge7 7. Re1 Ng6 8. g3 a6
9. a4 Qc7 10. Qe2 b6 11. Na3 Bb7 12. h4 dxc3 13. dxc3 Na5 14. h5 Ne7 15. b4 Nb3
16. Rb1 Nxc1 17. Rbxc1 Nd5 18. Nc4 cxb4 19. cxb4 Qd8 20. b5 axb5 21. Ne3 Bc5
22. Bxb5+ Ke7 23. Ng4 h6 24. Red1 Rc8 25. Ne3 Qc7 26. Nc4 Qb8 27. Nfd2 f5 28.
Nb3 Bb4 29. Nd4 Rhd8 30. Nd6 Rxc1 31. Rxc1 Bc5 32. Nxb7 Bxd4 33. Nxd8 Qxd8 34.
Rc6 Bc5 35. Qc4 Nc7 36. Qh4+ g5 37. hxg6+ Kd7 38. Rd6+ 1-0

[Event "NAYCC U16"]
[Site "Windsor CAN"]
[Date "2016.08.11"]
[Round "9.32"]
[White "Habib, Adnan"]
[Black "Chen, Richard"]
[Result "1-0"]
[WhiteElo "1691"]
[BlackElo "2155"]
[PlyCount "77"]
[EventDate "2016.08.07"]
[EventType "swiss"]
[EventRounds "9"]
[EventCountry "CAN"]

1. d4 Nf6 2. Nf3 e6 3. Bf4 b6 4. e3 Bb7 5. Bd3 d6 6. Nbd2 Nh5 7. Bg3 Nxg3 8.
hxg3 g6 9. Qe2 Bg7 10. c3 Qe7 11. e4 c5 12. Rc1 Nd7 13. O-O O-O 14. e5 d5 15.
Nh2 Nb8 16. f4 cxd4 17. cxd4 Nc6 18. Qe3 Nb4 19. Bb1 Rfc8 20. Nhf3 Qd7 21. g4
Ba6 22. Rfe1 Qb5 23. b3 Qa5 24. f5 Nxa2 25. Bxa2 Rxc1 26. Rxc1 Qxa2 27. fxe6
fxe6 28. Rc7 Qa3 29. Ng5 Rc8 30. Rxa7 Rc1+ 31. Kh2 Qa1 32. Ndf3 h5 33. gxh5
Rh1+ 34. Kg3 gxh5 35. Ra8+ Bf8 36. Rxf8+ Kxf8 37. Qf4+ Ke8 38. Qf7+ Kd8 39.
Nxe6+ 1-0

[Event "NAYCC U16"]
[Site "Windsor CAN"]
[Date "2016.08.11"]
[Round "9.33"]
[White "Miyasaka, Matthew"]
[Black "Sowa, Ryan"]
[Result "0-1"]
[WhiteElo "1971"]
[BlackElo "1948"]
[PlyCount "174"]
[EventDate "2016.08.07"]
[EventType "swiss"]
[EventRounds "9"]
[EventCountry "CAN"]

1. e4 e6 2. d4 d5 3. exd5 exd5 4. c4 Nf6 5. Nf3 Bb4+ 6. Nc3 O-O 7. Be2 dxc4 8.
O-O h6 9. Ne5 Be6 10. Bxc4 Bxc4 11. Nxc4 Nc6 12. Be3 Bd6 13. h3 Ne7 14. Qf3
Ned5 15. Ne5 c6 16. Ng4 Nxg4 17. Qxg4 Nf6 18. Qf3 Re8 19. Rfd1 Nd5 20. Rac1 Qd7
21. Re1 Rac8 22. Kh1 Bb8 23. Nxd5 Qxd5 24. Qxd5 cxd5 25. Rxc8 Rxc8 26. Rc1
Rxc1+ 27. Bxc1 Kf8 28. g4 Ke7 29. f4 f5 30. Kg2 Kf6 31. Kf3 Bd6 32. Bd2 g6 33.
Kg3 Ke6 34. Kf3 Kd7 35. Ke2 Kc6 36. gxf5 gxf5 37. Kd3 Be7 38. Be1 Kd7 39. Ke3
Ke6 40. Kf3 Kf6 41. Ke3 Kf7 42. Bf2 Kg6 43. Kf3 Bd8 44. Kg2 Ba5 45. Kf3 Bd2 46.
Be3 Be1 47. Bf2 Ba5 48. Bg1 Kh5 49. Bf2 Bd2 50. Bg3 Bc1 51. b3 Kg6 52. Bf2 Kf7
53. Be3 Ba3 54. Kg3 Be7 55. Kf3 Ke6 56. Ke2 Kd6 57. Kd3 Kc6 58. Kc3 Kb5 59. Kb2
Bb4 60. Kc2 Be1 61. Kd1 Bg3 62. Kc2 Kb4 63. Kb2 Be1 64. a3+ Kb5 65. Kc2 Bh4 66.
a4+ Kb4 67. Bd2+ Ka3 68. Bc1+ Ka2 69. Be3 Be1 70. Bg1 Ka3 71. Be3 Kb4 72. Kb2
a5 73. Kc2 b5 74. axb5 Kxb5 75. Kb2 Kb4 76. Kc2 a4 77. bxa4 Kxa4 78. Kd3 Kb3
79. Bc1 Bb4 80. Be3 Kb2 81. Bf2 Kc1 82. Bg3 Kd1 83. Bf2 Bd2 84. Bg3 Bc1 85. h4
h5 86. Bh2 Ke1 87. Bg3+ Kf1 0-1

[Event "NAYCC U16"]
[Site "Windsor CAN"]
[Date "2016.08.11"]
[Round "9.34"]
[White "Yen, Michael"]
[Black "Maulucci, Anthony"]
[Result "0-1"]
[WhiteElo "1969"]
[BlackElo "1786"]
[PlyCount "100"]
[EventDate "2016.08.07"]
[EventType "swiss"]
[EventRounds "9"]
[EventCountry "CAN"]

1. d4 d5 2. c4 e6 3. Nc3 Nf6 4. cxd5 exd5 5. Qc2 c6 6. Nf3 Be7 7. Bg5 g6 8. e3
Bf5 9. Bd3 Bxd3 10. Qxd3 Nbd7 11. O-O O-O 12. Rab1 a5 13. Qc2 Re8 14. a3 Ne4
15. Bxe7 Qxe7 16. b4 axb4 17. axb4 f5 18. Rfc1 Ra3 19. Qb2 Rxc3 20. Rxc3 Nxc3
21. Qxc3 Qe4 22. Nd2 Qh4 23. b5 Nf6 24. h3 f4 25. Nf3 Qxf2+ 26. Kxf2 Ne4+ 27.
Kf1 Nxc3 28. Rc1 Nxb5 29. exf4 Re4 30. Rd1 Rxf4 31. Kf2 Re4 32. Rd2 h6 33. Rd3
Kg7 34. Kg3 Kf6 35. Rd2 g5 36. Rd3 Kf5 37. Rd2 h5 38. Rf2 Rf4 39. Rf1 Kf6 40.
h4 Rg4+ 41. Kh3 Ke7 42. Re1+ Re4 43. Rxe4+ dxe4 44. Nxg5 e3 45. Nf3 e2 46. g4
Nxd4 47. Ne1 hxg4+ 48. Kxg4 b5 49. Kf4 b4 50. Ke3 b3 0-1

[Event "NAYCC U16"]
[Site "Windsor CAN"]
[Date "2016.08.11"]
[Round "9.36"]
[White "Asaria, Danial"]
[Black "Fan, Run Kun"]
[Result "1-0"]
[WhiteElo "2038"]
[BlackElo "1890"]
[PlyCount "33"]
[EventDate "2016.08.07"]
[EventType "swiss"]
[EventRounds "9"]
[EventCountry "CAN"]

1. e4 d5 2. exd5 Qxd5 3. Nc3 Qa5 4. d4 Nf6 5. Nf3 Bf5 6. Be2 c6 7. O-O g6 8.
Re1 Bg7 9. Bc4 O-O 10. Rxe7 Qb4 11. Qe2 Nbd7 12. Ng5 Ne4 13. Rxf7 Nxg5 14.
Rxf5+ Nf7 15. Rxf7 Rxf7 16. Qe6 Raf8 17. a3 1-0

[Event "NAYCC U16"]
[Site "Windsor CAN"]
[Date "2016.08.11"]
[Round "9.37"]
[White "Chasin, Nico"]
[Black "Wang, Warren"]
[Result "1/2-1/2"]
[WhiteElo "1752"]
[BlackElo "2025"]
[PlyCount "56"]
[EventDate "2016.08.07"]
[EventType "swiss"]
[EventRounds "9"]
[EventCountry "CAN"]

1. d4 Nf6 2. Nf3 c5 3. g3 g6 4. Bg2 Bg7 5. c3 cxd4 6. cxd4 O-O 7. O-O d5 8. Nc3
Bf5 9. Bf4 Nc6 10. Ne5 Rc8 11. Rc1 Be6 12. Na4 Nxe5 13. Bxe5 b6 14. Nc3 Qd7 15.
e3 Rfd8 16. Qb3 Ne4 17. Bxg7 Kxg7 18. Nxe4 dxe4 19. Qa3 Bd5 20. Rfd1 e6 21. Bf1
a5 22. b3 Rxc1 23. Rxc1 Rc8 24. Qb2 Rc7 25. Kg2 Rxc1 26. Qxc1 Qc6 27. Qxc6 Bxc6
28. Be2 Kf6 1/2-1/2

[Event "NAYCC U16"]
[Site "Windsor CAN"]
[Date "2016.08.11"]
[Round "9.38"]
[White "Pan, Christopher"]
[Black "Perkins, Josiah"]
[Result "1/2-1/2"]
[WhiteElo "1975"]
[BlackElo "1759"]
[PlyCount "72"]
[EventDate "2016.08.07"]
[EventType "swiss"]
[EventRounds "9"]
[EventCountry "CAN"]

1. e4 e6 2. d4 d5 3. Nd2 Nf6 4. e5 Nfd7 5. f4 c5 6. c3 Nc6 7. Ndf3 Qb6 8. Ne2
Be7 9. g3 f5 10. Bh3 h6 11. g4 g6 12. O-O Nf8 13. Kh1 Bd7 14. a3 c4 15. Nd2 Na5
16. gxf5 gxf5 17. Rb1 Nb3 18. Nxb3 Ba4 19. Be3 Bxb3 20. Qe1 a5 21. Bf2 O-O-O
22. Rc1 Ng6 23. Rg1 Rdg8 24. Rg2 Qd8 25. Qd2 Bh4 26. Rcg1 Bxf2 27. Rxf2 Nh4 28.
Qe3 Rxg1+ 29. Nxg1 Rg8 30. Nf3 Bd1 31. Bg2 Rxg2 32. Nxh4 Rxf2 33. Qxf2 Qg8 34.
h3 Kc7 35. Kh2 Kb6 36. Ng2 Qg7 1/2-1/2

[Event "NAYCC U16"]
[Site "Windsor CAN"]
[Date "2016.08.11"]
[Round "9.39"]
[White "Yu, Wenlu"]
[Black "Nguyen, Tan"]
[Result "1-0"]
[WhiteElo "1993"]
[BlackElo "1972"]
[PlyCount "79"]
[EventDate "2016.08.07"]
[EventType "swiss"]
[EventRounds "9"]
[EventCountry "CAN"]

1. Nf3 d6 2. g3 e5 3. Bg2 f5 4. O-O Nf6 5. d4 e4 6. Ne1 Be7 7. c4 c6 8. Nc3 O-O
9. Nc2 Be6 10. d5 Bf7 11. f3 exf3 12. Bxf3 c5 13. Ne3 g6 14. Ng2 Nbd7 15. Bf4
Ne8 16. h4 Ne5 17. b3 Bf6 18. Qc2 Ng7 19. Rae1 g5 20. hxg5 Bxg5 21. Bxe5 dxe5
22. e4 Bg6 23. exf5 Nxf5 24. Be4 Nd4 25. Qd3 Bh5 26. Bxh7+ Kg7 27. Be4 Qd7 28.
Ne3 Nf3+ 29. Rxf3 Rxf3 30. Bxf3 Bxf3 31. Nf5+ Kg6 32. Nh4+ Kg7 33. Qg6+ Kh8 34.
Qxg5 Qh3 35. Qxe5+ Kh7 36. Qe7+ Kg8 37. Qg5+ Kh8 38. Ng6+ Kh7 39. Re7+ Kg8 40.
Nf4+ 1-0

[Event "NAYCC U16"]
[Site "Windsor CAN"]
[Date "2016.08.11"]
[Round "9.40"]
[White "Kobla, Vishal"]
[Black "Polavaram, Rithik"]
[Result "1/2-1/2"]
[WhiteElo "1941"]
[BlackElo "1899"]
[PlyCount "102"]
[EventDate "2016.08.07"]
[EventType "swiss"]
[EventRounds "9"]
[EventCountry "CAN"]

1. e4 e5 2. Nf3 Nc6 3. Bc4 Bc5 4. c3 Nf6 5. d4 exd4 6. e5 d5 7. Be2 Ne4 8. cxd4
Bb6 9. O-O O-O 10. Nc3 Bg4 11. Be3 f6 12. exf6 Nxc3 13. bxc3 Qxf6 14. Qb3 Qd6
15. h3 Bh5 16. a4 Rae8 17. Rfe1 Kh8 18. Qa2 a6 19. Rab1 Nd8 20. Ne5 Bxe2 21.
Qxe2 Nc6 22. f4 Nxe5 23. fxe5 Qc6 24. Qc2 Qc4 25. Rb4 Qc6 26. Rbb1 Qc4 27. Qb3
Qxb3 28. Rxb3 Kg8 29. Ra1 a5 30. Rb5 Rf7 31. Rab1 Rd7 32. Kf2 Re6 33. Ke2 Rc6
34. Kd3 Kf7 35. Rf1+ Ke8 36. Kc2 h6 37. Kb3 Ke7 38. g4 Rg6 39. Bc1 Rd8 40. Ba3+
Ke6 41. Rf5 Rg5 42. Rf4 h5 43. c4 dxc4+ 44. Kxc4 hxg4 45. hxg4 Rh8 46. Rb3 Rh2
47. Re3 Rc2+ 48. Kd3 Rg2 49. Ke4 Rd2 50. Rd3 Re2+ 51. Re3 Rd2 1/2-1/2

[Event "NAYCC U16"]
[Site "Windsor CAN"]
[Date "2016.08.11"]
[Round "9.41"]
[White "Ramasamy, Vikram"]
[Black "Xu, Jeffrey"]
[Result "1/2-1/2"]
[WhiteElo "2046"]
[BlackElo "2004"]
[PlyCount "107"]
[EventDate "2016.08.07"]
[EventType "swiss"]
[EventRounds "9"]
[EventCountry "CAN"]

1. e4 e6 2. d4 d5 3. Nd2 Nf6 4. e5 Nfd7 5. Bd3 c5 6. c3 Nc6 7. Ne2 cxd4 8. cxd4
f6 9. exf6 Nxf6 10. O-O Bd6 11. Nf3 Qc7 12. Bg5 O-O 13. Bh4 Nh5 14. Bg3 Nxg3
15. Nxg3 g6 16. b3 Qg7 17. Be2 Rf4 18. Qd2 Nxd4 19. Rfd1 Nxe2+ 20. Nxe2 Rf6 21.
Rac1 Bd7 22. Qd3 Raf8 23. a4 Bc6 24. Ned4 Bf4 25. Rc2 e5 26. Nxc6 bxc6 27. Rxc6
Rd8 28. Qb5 Rxc6 29. Qxc6 e4 30. Nd4 Rd6 31. Qa8+ Qf8 32. Qxa7 e3 33. Nf3 exf2+
34. Qxf2 Re6 35. Re1 Rxe1+ 36. Qxe1 Qc5+ 37. Kh1 Be3 38. b4 Qa7 39. a5 d4 40.
b5 Qb7 41. b6 g5 42. Qb4 Qa6 43. Qb1 Bf4 44. b7 Bb8 45. Nxd4 Qd6 46. Nf3 g4 47.
Qb3+ Kf8 48. a6 gxf3 49. Qxf3+ Ke7 50. Qe4+ Kd8 51. Qh4+ Ke8 52. Qh5+ Kd8 53.
Qg5+ Kc7 54. Qa5+ 1/2-1/2

[Event "NAYCC U16"]
[Site "Windsor CAN"]
[Date "2016.08.11"]
[Round "9.42"]
[White "Daggupati, Balaji"]
[Black "Maruvada, Shaunak"]
[Result "1/2-1/2"]
[WhiteElo "1932"]
[BlackElo "1966"]
[PlyCount "83"]
[EventDate "2016.08.07"]
[EventType "swiss"]
[EventRounds "9"]
[EventCountry "CAN"]

1. e4 c5 2. Nf3 e6 3. d4 cxd4 4. Nxd4 a6 5. Bd3 Nf6 6. O-O d6 7. Qe2 Qc7 8. c4
Nbd7 9. f4 Be7 10. Nc3 O-O 11. Bd2 b6 12. Rae1 Bb7 13. Kh1 g6 14. Rc1 Rac8 15.
a3 Qb8 16. b4 e5 17. fxe5 dxe5 18. Nb3 Nh5 19. Nd5 Bxd5 20. cxd5 Nf4 21. Bxf4
exf4 22. Bxa6 Rxc1 23. Nxc1 Bd6 24. Nd3 Nf6 25. Bb5 Be5 26. Qf3 Nh5 27. Bd7 Nf6
28. Bc6 Nh5 29. Bd7 Nf6 30. Bh3 Re8 31. Nxe5 Qxe5 32. Qxf4 Qxf4 33. Rxf4 Nxe4
34. Kg1 Nc3 35. Rf6 Nxd5 36. Rd6 Nf4 37. Bg4 h5 38. Bd1 Re3 39. g3 Ne6 40. a4
Re4 41. b5 Nc5 42. Kf2 1/2-1/2

[Event "NAYCC U16"]
[Site "Windsor CAN"]
[Date "2016.08.11"]
[Round "9.43"]
[White "Fields, Noah"]
[Black "Zhu, Brandon"]
[Result "0-1"]
[WhiteElo "1963"]
[BlackElo "1861"]
[PlyCount "176"]
[EventDate "2016.08.07"]
[EventType "swiss"]
[EventRounds "9"]
[EventCountry "CAN"]

1. e4 d6 2. d4 Nf6 3. Nc3 e5 4. dxe5 dxe5 5. Qxd8+ Kxd8 6. Nf3 Bd6 7. Bc4 Ke8
8. Bg5 a6 9. O-O-O Nbd7 10. h3 b5 11. Bb3 b4 12. Bd5 Rb8 13. Ne2 Nxd5 14. exd5
f6 15. Be3 Kf7 16. c4 Nc5 17. Ng3 Rd8 18. Bxc5 Bxc5 19. Ne4 Bf8 20. g4 Kg8 21.
Nh4 a5 22. b3 a4 23. Rd3 Ra8 24. Kb2 Ra5 25. Rb1 Bb7 26. g5 fxg5 27. Nxg5 Rda8
28. Ne4 axb3 29. axb3 Ra2+ 30. Kc1 Re2 31. Re3 Raa2 32. Nf3 Rxe3 33. fxe3 Bc8
34. Rb2 Rxb2 35. Kxb2 Bf5 36. Nfg5 h6 37. Ng3 hxg5 38. Nxf5 e4 39. Ng3 Bc5 40.
Nxe4 Bxe3 41. Kc2 Kf7 42. Kd3 Bf4 43. Nc5 Kg6 44. Ne6 Kf6 45. Ke4 Bg3 46. Nd4
Bf2 47. Nc6 Bc5 48. Nb8 Kg6 49. Nd7 Bd6 50. Ne5+ Kh5 51. Kf5 Bc5 52. Nf3 Be7
53. Ke6 Bd6 54. Kf7 g4 55. hxg4+ Kxg4 56. Nd4 g5 57. Kg6 Kf4 58. Ne6+ Ke5 59.
Kxg5 c6 60. Nd8 Be7+ 61. Kg4 Bxd8 62. dxc6 Kd6 63. Kf4 Kxc6 64. Ke5 Kc5 65. Ke4
Bc7 66. Kd3 Bb6 67. Ke4 Kd6 68. Kf5 Bc5 69. Kf4 Ke6 70. Ke4 Bg1 71. Kf4 Bh2+
72. Ke4 Be5 73. Kf3 Kf5 74. Ke3 Bc3 75. Kf3 Ke5 76. Ke3 Bb2 77. Kd3 Bd4 78. Ke2
Ke4 79. Kd2 Bc5 80. Kc2 Ke3 81. Kc1 Kd3 82. Kb1 Kc3 83. Ka2 Kc2 84. Ka1 Kxb3
85. Kb1 Bd4 86. c5 Bxc5 87. Ka1 Ka3 88. Kb1 Bd4 0-1

[Event "NAYCC U16"]
[Site "Windsor CAN"]
[Date "2016.08.11"]
[Round "9.44"]
[White "Lee, Stefano"]
[Black "Saha, Ananda"]
[Result "0-1"]
[WhiteElo "1592"]
[BlackElo "1920"]
[PlyCount "96"]
[EventDate "2016.08.07"]
[EventType "swiss"]
[EventRounds "9"]
[EventCountry "CAN"]

1. e4 c5 2. d4 cxd4 3. c3 d3 4. Bxd3 Nc6 5. Nf3 d6 6. O-O g6 7. Re1 Bg7 8. Nbd2
Nf6 9. Qe2 O-O 10. Nc4 b5 11. Ne3 a6 12. Nf1 Bb7 13. Ng3 Rc8 14. h4 h5 15. Bg5
Ng4 16. Nh2 Nge5 17. Bc2 Qc7 18. Be3 Nc4 19. Nxh5 Nxe3 20. fxe3 gxh5 21. Qxh5
Ne5 22. Nf3 f6 23. Bb3+ Nc4 24. Nd4 e5 25. Ne6 Qf7 26. Qf5 Bxe4 27. Qxe4 Qxe6
28. Rad1 f5 29. Qb7 Ra8 30. a4 Qf7 31. Qf3 e4 32. Qe2 d5 33. axb5 axb5 34. Rf1
Bh6 35. Bxc4 bxc4 36. g4 f4 37. g5 f3 38. Qh2 Bg7 39. h5 Qf5 40. Qh4 Ra2 41.
Rd2 Bxc3 42. Rc2 Be5 43. g6 Rxb2 44. Rcf2 Rxf2 45. Rxf2 d4 46. Qe7 Qxh5 47.
Qe6+ Kh8 48. Qc6 dxe3 0-1

[Event "NAYCC U16"]
[Site "Windsor CAN"]
[Date "2016.08.11"]
[Round "9.45"]
[White "Handigol, Abhishek"]
[Black "Konovalenko, Nicholas"]
[Result "1-0"]
[WhiteElo "1905"]
[BlackElo "1555"]
[PlyCount "63"]
[EventDate "2016.08.07"]
[EventType "swiss"]
[EventRounds "9"]
[EventCountry "CAN"]

1. e4 c5 2. Nf3 Nc6 3. Bb5 a6 4. Bxc6 bxc6 5. d3 d5 6. e5 f6 7. O-O Bg4 8. Re1
e6 9. c3 fxe5 10. Qa4 Bxf3 11. Qxc6+ Kf7 12. gxf3 Bd6 13. Qb7+ Ne7 14. c4 Qb8
15. Qd7 Rd8 16. Qa4 Kg8 17. cxd5 exd5 18. Nc3 h6 19. Qg4 Kh8 20. Kh1 Qc8 21.
Qh5 Kh7 22. Rg1 Rf8 23. Nxd5 Rf5 24. Rxg7+ Kxg7 25. Bxh6+ Kh7 26. Bg5+ Kg7 27.
Rg1 Rxg5 28. Rxg5+ Kf8 29. Qh6+ Kf7 30. Rg7+ Ke8 31. Qxd6 Nxd5 32. Qxd5 1-0